La herida esencial: Consideraciones de Teología Fundamental para una mistagogía

Gorde:
Xehetasun bibliografikoak
Egile nagusia: Rodríguez Panizo, Pedro (Egilea)
Formatua: Liburua
Hizkuntza:gaztelania
Argitaratua: Madrid Universidad Pontificia Comillas 2013
Edizioa:1a. ed
Saila:Teología Comillas
Gaiak:
Etiketak: Etiketa erantsi
Etiketarik gabe, Izan zaitez lehena erregistro honi etiketa jartzen!

MARC

LEADER 00000cam a2200000 a 4500
001 UCC4346
003 CL-VaPUC
008 180727e20130000sp |||||||||||||||||spa|d
020 |a 9788428543408 
082 0 4 |a 239.7  |b ROD  |2 21 
100 0 |a Rodríguez Panizo, Pedro  |e author  |9 598560 
245 1 3 |a La herida esencial: Consideraciones de Teología Fundamental para una mistagogía 
250 |a 1a. ed 
300 |a 318 p 
942 |c BK 
945 |d 20180727 12:54:00  |a dcastane 
260 |a Madrid  |b Universidad Pontificia Comillas  |c 2013 
650 0 |a Teología fundamental   |9 313207 
650 0 |a Apologética  |9 269349 
650 0 |a Fe  |9 308036 
583 |a last modification  |c 20180727 12:54:00  |k Rodrigo Vera 
490 0 |a Teología Comillas 
999 |c 371898  |d 371896 
952 |0 0  |1 0  |3 erb  |4 0  |6 239_700000000000000_ROD_2013  |7 0  |8 A  |9 489104  |a BIBTEO  |b BIBTEO  |i 5483964  |l 1  |m 16  |o 239.7 ROD 2013  |p 5483964  |q 2024-07-31  |r 2022-06-09  |s 2022-06-09  |w 2019-11-24  |y BK  |z Catalogado en:20180727  |k ICR